00434nam a22001457a 450000500170000000800410001702000280005804100130008608200120009910000250011124500470013626000470018330000330023065000250026320231114081101.0231114b |||||||| |||| 00| 0 eng d a0702107212 ; 0702107204 aEnglish  a345 GRO aGross, PH lEnglish  aLegal Aid and its Management / cPH Gross  aCape Town : bJuta and Company Ltd, c1976 bxxvii, 315 pages ; c26 cm.  aLegal practice bLaw